| 000 | 00769nam a2200205 a 4500 | ||
|---|---|---|---|
| 001 | 000041592 | ||
| 005 | 20201002035645.0 | ||
| 008 | 131011s1995 sp 000 0 spa d | ||
| 020 | _a8400074807 | ||
| 040 |
_aDO-SdBNP _bspa _cBNPHU |
||
| 082 |
_axxx _bL697g |
||
| 245 | 0 | 0 |
_aLibro de la generación y corrupción / _cAvempace ; edición, traducción y estudio Josep Puig Montada. |
| 260 |
_aMadrid : _bConsejo Superior de Investigaciones Científicas, _c1995. |
||
| 300 |
_axxviii, 82, 112 pages ; _c21 cm. |
||
| 490 | 1 |
_aPensamiento islámico _v4 |
|
| 500 | _aGlosario en español y árabe. | ||
| 500 | _aIncluye referencias bibliográficas y notas al pie de las páginas. | ||
| 700 | 1 | 2 |
_aPuig Montada, Josep _etr. _968078 |
| 830 | 0 |
_aPensamiento islámico _n4 _968361 |
|
| 999 |
_c41082 _d41082 |
||